00000000nam##2200000za#4500
0019.662151
003CaOODSP
00520210924140249
007ta
008150407|2000||||xxc|||||     f|0| 0 eng|d
020 |a0-662-65225-8
040 |aCaOODSP|beng
041 |aeng
041 |afre
043 |an-cn---
0861 |aRG52-35/2000
1101 |aCanada. |bCompetition Bureau.
24510|aImmunity Program under the Competition Act
260 |aOttawa - Ontario : |bIndustry Canada. |c2000.
300 |aEnglish text, v, 8p. ; |c28 cm.
546 |aBilingual
563 |aSoftcover
590 |a00-42|b2000-10-20
69007|aCompetition|2gcpds
69007|aCriminal justice|2gcpds
7760#|tProgramme d'immunité en vertu de la Loi sur la concurrence |w(CaOODSP)9.642034
7760#|tImmunity Program under the Competition Act |w(CaOODSP)9.698038
792 |tProgramme d'Immunité en vertu de la Loi sur la concurrence |efre|w(CaOODSP)9.662152
986 |a53212B